Hard flags - Statistiques

Statistiques générales
  • Ce quiz a été pris 156 fois
  • Le résultat moyen est 6 sur 12
Statistiques - réponses
Hint Réponse % Correct
Burkina Faso
84%
Togo
83%
Mozambique
56%
Rwanda
53%
Zimbabwe
47%
Soudan du sud
45%
Cap vert
39%
Namibie
39%
Érythrée
32%
Djibouti
28%
Guyana
26%
Guinée Bissau
19%
Aucun quiz correspondant
Distribution des résultats
% des personnes avec chaque résultat
Percentile par nombre de réponses
Votre historique - résultats
Vous n’avez pas pris ce quiz